|
|
|
|
| LEADER |
01125nta a2200241 i 4500 |
| 001 |
dokt11052 |
| 005 |
20220527105345.0 |
| 008 |
211008s2021 hu om 0|| hun d |
| 024 |
7 |
|
|a 10.14232/phd.11052
|2 doi
|
| 024 |
7 |
|
|a 32845956
|2 mtmt
|
| 040 |
|
|
|a SZTE Doktori Repozitórium
|b hun
|
| 041 |
|
|
|a hun
|
| 100 |
1 |
|
|a Almási Nikoletta
|
| 245 |
1 |
0 |
|a Sigma-1 receptor mediálta protektív mechanizmus vizsgálata TNBS-indukálta patkány colitis modellben
|h [elektronikus dokumentum] /
|c Almási Nikoletta
|
| 246 |
1 |
0 |
|a Sigma-1 receptor-mediated protection in TNBS-induced rat colitis
|h [elektronikus dokumentum]
|
| 260 |
|
|
|c 2021-11-26
|
| 502 |
|
|
|a Disszertacio
|
| 650 |
|
4 |
|a biológiai tudományok
|
| 650 |
|
4 |
|a Biológiai tudományok
|
| 700 |
1 |
|
|a Kupai Krisztina
|e ths
|
| 856 |
4 |
0 |
|u https://doktori.bibl.u-szeged.hu/id/eprint/11052/1/Almasi_Nikoletta_disszertacio_2021.pdf
|z Dokumentum-elérés
|
| 856 |
4 |
0 |
|u https://doktori.bibl.u-szeged.hu/id/eprint/11052/2/Almasi_Nikoletta_tezis_magyar.pdf
|z Dokumentum-elérés
|
| 856 |
4 |
0 |
|u https://doktori.bibl.u-szeged.hu/id/eprint/11052/3/Almasi_Nikoletta_tezis_angol.pdf
|z Dokumentum-elérés
|